| 000 | 00608nam a22001937a 4500 | ||
|---|---|---|---|
| 003 | 0 | ||
| 005 | 20230904125346.0 | ||
| 008 | 230904b xxu||||| |||| 00| 0 eng d | ||
| 020 | _a978-621-418-271-8 | ||
| 050 |
_aP 90 _b.J67 2023 |
||
| 100 | _aJosue, Marshall Felix L. | ||
| 245 |
_aPurposive communication in diverse contexts _cMarshall Felix L. Josue |
||
| 260 |
_aQuezon City _bWiseman's Books Trading, Inc. _cc2023. |
||
| 300 |
_axi, 154 pages ; _c23 cm. |
||
| 500 | _aCommunication. | ||
| 504 | _aIncludes bibliographical references and index. | ||
| 650 | _aCommunication. | ||
| 942 |
_2lcc _cBK |
||
| 999 |
_c365251 _d365251 |
||